|
|
|
|
| LEADER |
00000cam a2200000 4500 |
| 001 |
vtls011889947 |
| 003 |
SK-MaSNL |
| 005 |
20260302060254.0 |
| 008 |
200205s2019 xo grf 000 0 slo |
| 015 |
|
|
|a SNBA2019/11
|
| 020 |
|
|
|a 9788081005886
|q (brožované)
|
| 035 |
|
|
|a urn:nbn:sk:snk-am00d6zf
|
| 035 |
|
|
|a urn:nbn:sk:snk-am3hrs6
|
| 035 |
|
|
|a 8C21D38A-AD76-4BD1-B95B-3898715CCAED
|
| 040 |
|
|
|a SNK
|b slo
|c SNK
|e rda
|
| 041 |
1 |
|
|a slo
|h rus
|
| 044 |
|
|
|a xo
|c SK
|
| 072 |
|
7 |
|a 11
|x Metafyzika
|2 konspekt
|
| 072 |
|
7 |
|a 316.4/.7
|x Sociálne interakcie
|2 konspekt
|
| 080 |
|
|
|a 111.61
|2 2011
|
| 080 |
|
|
|a 613/614
|2 2011
|
| 080 |
|
|
|a 316.472.4
|2 2011
|
| 080 |
|
|
|a 118
|2 2011
|
| 080 |
|
|
|a (035)
|2 2011
|
| 100 |
1 |
|
|a Zeland, Vadim
|4 aut
|9 356520
|
| 240 |
1 |
0 |
|a Transerfing real'nosti. Stupeň 4: Upravlenie reaľnosťju
|l Slovensky
|
| 245 |
1 |
0 |
|a Transurfing
|n 4
|p Úprava skutočnosti
|c Vadim Zeland
|
| 246 |
3 |
0 |
|a Úprava skutočnosti
|
| 264 |
|
1 |
|a Bratislava
|b Eugenika
|c 2019
|
| 300 |
|
|
|a 125 strán
|c 20 cm
|
| 336 |
|
|
|a text
|b txt
|2 rdacontent
|
| 337 |
|
|
|a bez média
|b n
|2 rdamedia
|
| 338 |
|
|
|a zväzok
|b nc
|2 rdacarrier
|
| 500 |
|
|
|a Na obálke pod názvom: Správna súhra duše a rozumu pozitívne ovplyvňuje všetko vo vašom živote. Naučte sa to!
|
| 500 |
|
|
|a Preložené z ruštiny
|
| 650 |
0 |
7 |
|a skutočnosť
|2 SNKPH
|9 29798
|
| 650 |
0 |
7 |
|a zdravie
|2 SNKPH
|9 16322
|
| 650 |
0 |
7 |
|a Reality
|2 SNKPHeng
|9 236427
|
| 650 |
0 |
7 |
|a Health
|2 SNKPHeng
|9 265749
|
| 650 |
0 |
7 |
|a Interpersonal relations
|2 SNKPHeng
|9 278058
|
| 650 |
0 |
7 |
|a interpersonálne vzťahy
|2 SNKPH
|9 3770
|
| 650 |
0 |
7 |
|a energia
|2 SNKPH
|9 15416
|
| 650 |
0 |
7 |
|a Energy
|2 SNKPHeng
|9 268068
|
| 655 |
|
7 |
|a príručky
|2 SNKPH
|9 74364
|
| 655 |
|
7 |
|a Handbooks, manuals, etc.
|2 SNKPHeng
|9 90964
|
| 700 |
1 |
|
|a Tinajová, Zdenka
|4 trl
|9 229938
|
| 919 |
|
|
|a 978-80-8100-588-6
|
| 958 |
|
|
|a OP
|
| 968 |
|
|
|b RUS
|
| 999 |
|
|
|c 1120607
|d 1122537
|
| 952 |
|
|
|a SNK
|b SNK
|y PREZ
|7 0
|p 17A1392280
|o snkSD 87546/4
|i snk2019/28465
|8 0
|0 0
|1 0
|4 0
|d 2019-11-06
|f 1
|l 0
|r 2026-02-24 18:29:52
|w 2026-02-24
|
| 952 |
|
|
|a SNK
|b SNK
|y VYP
|7 0
|p 17A1392281
|o snkSD 87546/4 D1
|i snk2019/28467
|8 0
|0 0
|1 0
|4 0
|d 2019-11-06
|l 0
|r 2026-02-24 18:29:52
|w 2026-02-24
|